Vplyv technologických postupov na antioxidačnú aktivitu vína diplomová práca

Gespeichert in:
Bibliographische Detailangaben
1. Verfasser: Vicenová, Ľubica
Format: Buch
Sprache:Slowakisch
Online-Zugang:Im OPAC anzeigen
Tags: Tag hinzufügen
Keine Tags, Fügen Sie das erste Tag hinzu!

MARC

LEADER 00000nam a2200000 a 4500
005 20260127134113.0
008 140626 2014 000 0 slo d
035 |a vtls010606740 
039 9 |y 201406261230  |z mschk03 
040 |a STUSCHK1  |b slo  |c STUSCHK1  |e AACR2 
100 1 |a Vicenová, Ľubica 
245 1 |a Vplyv technologických postupov na antioxidačnú aktivitu vína  |b diplomová práca  |c 2014 
300 |a 92 s.  |b Obr.,tab.  |c 30 cm 
500 |a Obhájené: 10.6.2014 
500 |a Štud. program: biotechnológia 
500 |a Štud. odbor: biotechnológie 
500 |a Škol. pracovisko: Odd. biochemickej technológie 
500 |a Evid. číslo: FCHPT-5421-69434 
910 |a SCHK95 
999 |c 4171  |d 4171